00433nam a2200181Ia 4500008004000000041000800040082001300048100002200061245003900083260004100122300001300163650000900176650001100185650000700196650000900203650001900212700002000231210210b1974 xxu||||| |||| 00| 0 eng d aeng a350 BHAT aBHAGWAN (Vishnoo) aText book of public administration aNew DelhibS. Chand & Co. Ltd.c1974 aviii,651 aText apublic aof abook aadministration aBHUSHAN (Vidya)